| 000 | 00479nam a2200217Ia 4500 | ||
|---|---|---|---|
| 003 | 0100 | ||
| 008 | 130303s9999 xx 000 0 und d | ||
| 040 | _cARRUPELIB | ||
| 050 | _aB1649 .P64 A38 1976 | ||
| 100 | _aPopper, Karl | ||
| 245 | _aUnended quest | ||
| 245 | _ban intellectual autobiography | ||
| 250 | _aRevised | ||
| 260 | _aLondon | ||
| 260 | _bFontana | ||
| 260 | _C1976 | ||
| 300 | _a255p. | ||
| 300 | _b 18cm. | ||
| 650 | _aPHILOSOPHY | ||
| 942 | 0 | 0 | _03 |
| 999 |
_c16786 _d16786 |
||